|
|
|
|
| LEADER |
00000nab a2200000 a 4500 |
| 001 |
vtls000369116 |
| 003 |
SK-MaSNL |
| 005 |
20260318133017.0 |
| 008 |
111202c1988 xo 0 cze |
| 015 |
|
|
|a SNBRA19rr/mm-uuuuu
|
| 035 |
|
|
|a CL0369238
|
| 040 |
|
|
|a SNKBUCL
|b slo
|c SNKBUCL
|e AACR2
|
| 041 |
0 |
|
|a cze
|
| 044 |
|
|
|a xo
|c SK
|
| 080 |
|
|
|a 398
|2 1981
|
| 080 |
|
|
|a 885.0
|2 1981
|
| 100 |
1 |
|
|a Sirovátka, Oldřich,
|d 1925-1992
|4 aut
|9 228766
|
| 245 |
1 |
4 |
|a Die Tradition der Volksdichtung in der tschechischen Literatur
|c Oldřich Sirovátka
|
| 300 |
|
|
|b Res. čes., lit. 48 zázn. v slov., češ., ruš., poľ., nem.
|
| 650 |
0 |
7 |
|a folklorizmus literárny
|2 snkbucl
|9 1200474
|
| 650 |
0 |
7 |
|a slovesnosť ľudová
|2 snkbucl
|9 932796
|
| 650 |
0 |
7 |
|a česká literatúra
|2 snkbucl
|9 1178
|
| 655 |
|
7 |
|a články zo zborníkov
|2 snkbucl
|9 166140
|
| 773 |
0 |
|
|t Ethnologia slavica 19
|d Bratislava : SPN, 1988
|g S. 165-186
|
| 850 |
|
|
|a Slovenská národná knižnica v Martine
|a MTA001
|
| 852 |
|
|
|a SNK
|b KIS3GCP
|
| 958 |
|
|
|a RK
|
| 958 |
|
|
|a NB
|
| 992 |
|
|
|a RZB
|
| 999 |
|
|
|c 2093840
|d 2095770
|